书目信息 |
| 题名: |
机械故障诊断
|
|
| 作者: | 李国华 , 张永忠 编著 | |
| 分册: | ||
| 出版信息: | 北京 化学工业出版社 1999.02 |
|
| 页数: | 252页 | |
| 开本: | 16开 | |
| 丛书名: | ||
| 单 册: | ||
| 中图分类: | TH17 | |
| 科图分类: | ||
| 主题词: | 机械--运行 , 机械维修 | |
| 电子资源: | ||
| ISBN: | 7-5025-2429-0 | |
| 000 | 00621nam0 2200217 45 | |
| 001 | 0010081156 | |
| 005 | 20001008110307.8 | |
| 010 | @a7-5025-2429-0@d26.00元 | |
| 100 | @a20001008d1999 km y0chiy0120 ea | |
| 101 | 0 | @achi |
| 105 | @a z 000yy | |
| 200 | 1 | @a机械故障诊断@AJi Xie Gu Zhang Zhen Duan@f李国华,张永忠编著@FLi Guo Hua,Zhang Yong Zhong Bian Zhu |
| 210 | @a北京@c化学工业出版社@d1999.02 | |
| 215 | @a252页@d16开 | |
| 606 | 0 | @a机械@x运行 |
| 606 | 0 | @a机械维修 |
| 690 | @aTH17@v3 | |
| 701 | 0 | @a李国华@4编著 |
| 701 | 0 | @a张永忠@4编著 |
| 801 | @aCN@bPftUser@c20001008 | |
| 905 | @b172138-140@dTH17@eL320@f3 | |
| 机械故障诊断/李国华,张永忠编著.-北京:化学工业出版社,1999.02 |
| 252页;16开 |
| ISBN 7-5025-2429-0:26.00元 |
| ● |
| 相关链接 |
|
|
|
正题名:机械故障诊断
索取号:TH17/L320
 
预约/预借
| 序号 | 登录号 | 条形码 | 馆藏地/架位号 | 状态 | 备注 |
| 1 | 172138 | 201721388 | 自科库501/501自科库 38排4列5层/ [索取号:TH17/L320] | 在馆 | |
| 2 | 172139 | 201721397 | 自科库501/501自科库 38排4列5层/ [索取号:TH17/L320] | 在馆 | |
| 3 | 172140 | 201721404 | 自科二线400A/400A自科库 26排1列1层/ [索取号:TH17/L320] | 在馆 |